000 00583nam a2200229Ia 4500
003 OSt
005 20220918225008.0
006 a|||||r|||| 00| 0
007 ta
008 220917b |||||||| |||| 00| 0 eng d
024 _a235,914
037 _cTextual
040 _aARTS
_cARTS
_beng
041 _2eng
_aeng
082 _aT4:86.73, L2
100 _aAshworth Kenneth H.
_9149376
245 0 _aScholars and Statesmen
260 _aSan
_b#NAME?
_c1972
650 _aEDUCATION
942 _hT4:86.73, L2
_cTEXL
_2CC
999 _c282976
_d282976